000 00948nam a22002657a 4500
999 _c64054
_d64054
005 20240530110712.0
008 180211s2016 ua a g 000 0 ara d
017 _a2016/19318
_bمصر. دار الكتب
020 _a9789773833151
040 _aEG-CaGPL
_cEG-CaGPL
082 0 4 _221
_a332.1 /
_bم إ
100 0 _aمحسن احمد الخضيرى
245 1 0 _aادارة توازن الاداء المصرفى /
_cمحسن احمد الخضيرى
250 _aط. 1
260 _aالقاهرة :
_bايتراك للطباعة و النشر و التوزيع ،
_c2016.
300 _a308 ص. :
_bايض ؛
_c24 سم.
650 0 7 _2qrmak
_aالبنوك
650 0 7 _2qrmak
_aالاقتصاد
650 0 7 _2qrmak
_aراس المال
650 0 7 _2qrmak
_aالبنوك
_xاعتمادات
650 0 7 _2qrmak
_aالبنوك
_xتنظيم وادارة
651 _2qrmak
942 _2ddc
_cBK